Nền và móng công trình
Nguyên tắc cơ bản trong thiết kế nền và móng công trình. Tính toán kĩ thuật về các loại móng vuông, móng cọc, móng sâu, móng chịu tải. Cải tạo gia cố nền đất yếu. Thiết kế thi công hố móng. Sửa chữa nền móng công trình...
Tallennettuna:
| Päätekijä: | |
|---|---|
| Aineistotyyppi: | Kirja |
| Kieli: | Undetermined |
| Julkaistu: |
Hà Nội
Xây dựng
2009
|
| Aiheet: | |
| Tagit: |
Lisää tagi
Ei tageja, Lisää ensimmäinen tagi!
|
| Thư viện lưu trữ: | Trung tâm Học liệu Trường Đại học Cần Thơ |
|---|
| LEADER | 00902nam a2200205Ia 4500 | ||
|---|---|---|---|
| 001 | CTU_153905 | ||
| 008 | 210402s9999 xx 000 0 und d | ||
| 020 | |c 46000 | ||
| 082 | |a 624.15 | ||
| 082 | |b Th312 | ||
| 100 | |a Tạ, Đức Thịnh | ||
| 245 | 0 | |a Nền và móng công trình | |
| 245 | 0 | |c Tạ Đức Thịnh chủ biên | |
| 260 | |a Hà Nội | ||
| 260 | |b Xây dựng | ||
| 260 | |c 2009 | ||
| 520 | |a Nguyên tắc cơ bản trong thiết kế nền và móng công trình. Tính toán kĩ thuật về các loại móng vuông, móng cọc, móng sâu, móng chịu tải. Cải tạo gia cố nền đất yếu. Thiết kế thi công hố móng. Sửa chữa nền móng công trình | ||
| 650 | |a Foundation,Nền móng | ||
| 904 | |i Trọng Hải | ||
| 980 | |a Trung tâm Học liệu Trường Đại học Cần Thơ | ||